03092nam a2200553Ia 45000010005000000080041000050100009000460410014000550820033000692450248001022600018003503000008003685200006003766300027003826300024004096300014004336300015004476500027004626900016004897000034005057000033005397000038005729010080006109020006006909030042006969040018007389050025007569060006007819070014007879080014008019090051008159100015008669110010008819120014008919130009009059140025009149150019009399160009009589170009009679180014009769190027009905201462010179210007024799220007024869230006024939240014024999420010025139990015025231780241029s9999 xx 000 0 und d a1664 aEspañol aCURSA â€" T- EDUC 000375 0aIncidencia de la capacitación docente en el desempeño de los egresados del Instituto Superior de Formación Docente Salomé Ureña, Recintos Emilio Prud Homme, ubicados en la escuela y colegios de la zona urbana de la Ciudad de Santiago aSanto Domingo a121 a5 aCapacitación Docente aDesempeño Docente aEgresados aIncidencia aCapacitación Docente aSintetizado easesora Francia Burgos, Rosa eautoraGuzmán Robles, Ana  eautoraVargas, María Altagracia a{"1":"Guzmán Robles","2":"Vargas"}b{"1":"Ana ","2":"María Altagracia"} a1 a{"1":" Francia Burgos"}b{"1":"Rosa"} aMaestría en aEnseñanza Superior a2 aNO APLICA aNO APLICA aUniversidad Autónoma de Santo Domingo (UASD) aNULLbNULL a["1"] aNO APLICA aNULL a01 de Agosto de 2006 a24/07/19 09:07 aNULL aNULL aNO APLICA a["30","62","85","209"] aLa presente investigación se refirió al tema de incidencia de la capacitación docente en el desempeño de los egresados del Instituto Superior de Formación Docente Salomé Ureña recinto Emilo Prud Homme, Ubicados en la Escuela y Colegios de la Zona Urbana de la Cuidad de Santiago.El propósito de la investigación fue identificar la incidencia de la capacitación de los docentes en las escuelas normales de la ciudad de Santiago, cual es el nivel de preparación de esos docentes y la calidad de éstos al momento de desempeñar su labor.La población del estudio estuvo constituida por 218 docentes egresados de este recinto y que fueron contactados en distintas escuelas y colegios de la zona urbana de la ciudad de Santiago.Por los resultados obtenidos en el proceso llevado en este estudio se puede inferir que una buena capacitación y preparación académica es un elemento de importante para el desempeño eficaz.Al finalizar la investigación se pudo determinar que la formación y la capacitación que ofrece el recinto Emilio Prud Homme, es pertinente y se adecua a las exigencias y desafíos que presenta la educación hoy. Los resultados obtenidos revelan que los egresados se sienten satisfechos con la formación recibida, además de confirmar que la formación esté apegada a los objetivos que recibe la educación en la República Dominicana y que le permita desenvolverse en las funciones con eficacia. a11 a11 a0 aNO APLICA cTesis c1664d1664